000 00320 a2200121 4500
999 _c322014
_d322014
001 86941
003 NUST
005 20180124095235.0
008 180124b xxu||||| |||| 00| 0 eng d
082 _a954.91 JAF
100 _aJaffrelot, Beaumont Gillian
_99648
245 _aA History of Pakistan and its Origin
_hEnglish
260 _aLondon
_bAnthem Press
_c2008
300 _axiii, 342p.
942 _aCAE NUST
_cBK
_k954.91 JAF
_2ddc